LEADER 01214nam--2200361---450- 001 990000685100203316 005 20051019124854.0 035 $a0068510 035 $aUSA010068510 035 $a(ALEPH)000068510USA01 035 $a0068510 100 $a20011015d1971----km-y0itay0103----ba 101 $ager 102 $aNL 105 $a||||||||001yy 200 1 $a<> Textgeschichte der pseudo-aristotelischen Schrift peri atomon Grammon$eEin kodikologsch-kulturgeschichtlicher Beitrag zur Klärung der Uberlieferungsverhältnisse im Corpus Aristotelicum$fDieter Harlfinger 210 $aAmsterdam$cA.M. Hakkert$d1971 215 $a445 p.$d21 cm 410 $12001 606 0 $aAristotele$xStudi 676 $a185 700 1$aHARLFINGER,$bDieter$0186740 801 0$aIT$bsalbc$gISBD 912 $a990000685100203316 951 $aII.1.A. 818(VIII A 882)$b107308 LM$cVIII A 959 $aBK 969 $aUMA 979 $aPATTY$b90$c20011015$lUSA01$h2211 979 $c20020403$lUSA01$h1717 979 $aPATRY$b90$c20040406$lUSA01$h1647 979 $aCOPAT6$b90$c20051019$lUSA01$h1248 996 $aTextgeschichte der pseudo-aristotelischen schrift peri atomon grammon$981840 997 $aUNISA LEADER 02333nam a2200373|i 4500 001 991003812539707536 005 20021223130858.0 008 020327s|||| sz u u enguu 020 $a9280507095 035 $ab11867929-39ule_inst 035 $aLE02989057$9ExL 040 $aISUFI - Sett. Diritti e Politiche Euromediterranee$bita 082 0 $a346.048 110 2 $aWorld Intellectual Property Organization$0464697 245 10$aWIPO Performances and Phonograms Treaty (WPPT) (1996) :$bwith the agreed statements of the Diplomatic Conference that adopted the Treaty, and the provisions of the Berne Convention (1971) and of the Rome Convention (1961) referred to in the Treaty 260 0 $aGeneva :$bWIPO,$c1997 300 $a36 p. ;$c21 cm 490 0 $aWIPO publication ;$v227(E) 500 $a"Reprinted 1998"--T.p. verso. 500 $aWIPO Performances and Phonograms Treaty (WPPT)(1996) -- Provisions of the Berne Convention for the Protection of Literary and Artistic Works (1971) referred to in the WPPT -- Provisions of the International Convention for the Protection of Performers, Producers of Phonograms and Broadcasting Organizations (the Rome Convention)(1961) referred to in the WPPT. 500 $aConsists of the text of the WIPO Performances and Phonograms Treaty (1996), and the relevant provisions of the Berne Convention (1971) and of the Rome Convention (1961). 650 4$aBerne Convention for the Protection of Literary and Artistic Works (1971) 650 4$aCopyright - Artistic performance 650 4$aCopyright - Sound recordings 650 4$aCopyright, International 650 4$aInternational Convention for the Protection of Performers, Producers of Phonograms and Broadcasting Organizations (1961) 650 4$aWorld Intellectual Property Organization Performances and Phonograms Treaty (1996) 907 $a.b11867929$b28-04-17$c23-12-02 912 $a991003812539707536 945 $aLE029 346.048 WIP01.41$g1$iLE029-3532$lle029$o-$pE0.00$q-$rn$so $t0$u0$v0$w0$x0$y.i12120893$z23-12-02 945 $aLE029 346.048 WIP01.41 C.2$g2$i2029000005875$lle029$op$pE13.00$q-$rn$so $t0$u0$v0$w0$x0$y.i13040753$z10-12-03 996 $aWIPO Performances and Phonograms Treaty (WPPT) (1996)$9901285 997 $aUNISALENTO 998 $ale029$b01-01-02$cm$da $e-$feng$gsz $h0$i1